Hospital and Clinical Pharmacy (Record no. 13467)

MARC details
000 -LEADER
fixed length control field 00451nam a22001817a 4500
003 - CONTROL NUMBER IDENTIFIER
control field OSt
008 - FIXED-LENGTH DATA ELEMENTS--GENERAL INFORMATION
fixed length control field 250430b |||||||| |||| 00| 0 eng d
020 ## - INTERNATIONAL STANDARD BOOK NUMBER
International Standard Book Number 9789383635856
082 ## - DEWEY DECIMAL CLASSIFICATION NUMBER
Classification number 615.1 BAH
100 ## - MAIN ENTRY--PERSONAL NAME
Personal name Balasubramanian, S
245 ## - TITLE STATEMENT
Title Hospital and Clinical Pharmacy
250 ## - EDITION STATEMENT
Edition statement 2nd
260 ## - PUBLICATION, DISTRIBUTION, ETC. (IMPRINT)
Place of publication, distribution, etc Hyderabad
Name of publisher, distributor, etc Pharmamed
Date of publication, distribution, etc 2023
300 ## - PHYSICAL DESCRIPTION
Extent xxxiv,410
650 ## - SUBJECT ADDED ENTRY--TOPICAL TERM
Topical term or geographic name as entry element Hospital and Clinical Pharmacy
700 ## - ADDED ENTRY--PERSONAL NAME
Personal name Narayanan, N
942 ## - ADDED ENTRY ELEMENTS (KOHA)
Source of classification or shelving scheme Dewey Decimal Classification
Koha item type Text Books
Holdings
Withdrawn status Lost status Source of classification or shelving scheme Damaged status Not for loan Collection code Home library Current library Date acquired Source of acquisition Currency Cost, normal purchase price Bill Number Total Checkouts Full call number Acc. no. / Barcode Date last seen Actual Cost, discounted price Bill Date Koha item type
    Dewey Decimal Classification     B.Pharma PIET C-LIBRARY PIET C-LIBRARY 22/04/2025 Zafaa Books Distributres Rs 595.00 ZBD0062   615.1 BAH BP2791 30/04/2025 446.25 19/04/2025 Reference Books
    Dewey Decimal Classification     B.Pharma PIET C-LIBRARY PIET C-LIBRARY 22/04/2025 Zafaa Books Distributres Rs 595.00 ZBD0062   615.1 BAH BP2792 30/04/2025 446.25 19/04/2025 Text Books
    Dewey Decimal Classification     B.Pharma PIET C-LIBRARY PIET C-LIBRARY 22/04/2025 Zafaa Books Distributres Rs 595.00 ZBD0062   615.1 BAH BP2793 30/04/2025 446.25 19/04/2025 Text Books

Design & Developed by: PIET Central Library
R70 Miles Stone Pattikalyana Samalkha Panipat 132102
mail ID :- [email protected], Phone No:- 0180-2569700 Ex.216